00731nam a2200157 a 450000100100000000500170001000800410002704000250006824500320009324601190012526000760024430000200032095201050034095201110044599900170055600002892820200930055225.0110412s1948 dr 000 0 spa d aDO-SdBNPbspacBNPHU03aUn crime de haute trahison.14aUn crime de haute trahison :bel caso de Emilio A. Morel ex ministro plenipotenciario de la República Dominicana aCiudad Trujillo, República Dominicana :bImpresora Dominicana,c1948. a12 p. ;c21 cm. 0010718PDaPDbPDcCTd2011-04-12iLF1l0o p28928-10r2020-06-25w2020-06-25yLFPDZNo se presta 0010718PDaPDbPDcCTd2012-11-08iLF1l0o p28928-40r2020-06-25te. 2w2020-06-25yLFPDZNo se presta c28420d28420